000 00549nam a2200229Ia 4500
003 OSt
005 20221006142104.0
006 a|||||r|||| 00| 0
007 ta
008 221006b |||||||| |||| 00| 0 eng d
024 _a5,233
037 _cTextual
040 _aEASL
_cEASL
_beng
041 _2eng
_aeng
082 _aX8(A):9, L5
100 _aPOOLE
_9646865
245 0 _aWorkers' participation in industry
260 _c1975
300 _ap.
_ccm.
942 _hX8(A):9, L5
_cTEXL
_2CC
999 _c1073319
_d1073319